000 00219nam a22000857a 4500
008 170601b xxu||||| |||| 00| 0 eng d
100 _93213
_aShastri. K
245 _aEnchanted the Mangoes
260 _aNew Delhi
_bDevamala
_c2001
999 _c6526
_d6526